000
00302 a2200145 4500
001
188417
020
_a
978-0-721-43858-0
040
_c
Magnum
240
1
0
_a
The puppies´story
_l
por
245
1
0
_a
The puppies´story
300
_a
24
362
0
_a
1996
697
_a
LITERATURA INGLESA
942
_c
BK
999
_c
188417
_d
188417